| 000 | 01013cam a2200289 a 4500 | ||
|---|---|---|---|
| 001 | 16267332 | ||
| 005 | 20170105102843.0 | ||
| 008 | 100604s2011 nyu b 001 0 eng | ||
| 010 | _a 2010022753 | ||
| 020 | _a9780415564724 (hbk.) | ||
| 020 | _a9780415564731 (pbk.) | ||
| 020 | _a9780203836194 (ebk.) | ||
| 040 |
_aDLC _cDLC _dDLC |
||
| 042 | _apcc | ||
| 050 | 0 | 0 |
_aK5304.5 _b.H46 2011 |
| 082 | 0 | 0 |
_a345.02532 _222 |
| 100 | 1 | _aHenry, Nicola. | |
| 245 | 1 | 0 |
_aWar and rape : _blaw, memory, and justice / _cNicola Henry. |
| 260 |
_aAbingdon, Oxon ; _aNew York : _bRoutledge, _c2011. |
||
| 300 |
_axii, 169 p. ; _c24 cm. |
||
| 490 | 0 | _aInterventions | |
| 504 | _aIncludes bibliographical references (p. [144]-162) and index. | ||
| 650 | 0 | _aRape as a weapon of war. | |
| 906 |
_a7 _bcbc _corignew _d1 _eecip _f20 _gy-gencatlg |
||
| 942 |
_2ddc _cBK |
||
| 999 |
_c13946 _d13946 |
||